000 00516nam a22001937a 4500
003 SISC
005 20160317151334.0
008 130117t xxu||||| |||| 00| 0 eng d
020 _a9789715847636
050 _aNK 2117
_b.C149 2008
082 _aHS 643
_bC11 2008
100 _aCalero, Rafael
_916776
245 _a25 kitchens /
_cRafael Calero
260 _aQuezon City :
_bC & E Publishing,
_cc2008.
300 _a137 p. ;
_bill. ;
_c30 cm.
650 _aKitchens
_916777
942 _2lcc
_cBK
999 _c10473
_d10473